LEADER 00784nam0-22003011i-450 001 990005578350403321 005 20221020120449.0 035 $a000557835 035 $aFED01000557835 035 $a(Aleph)000557835FED01 035 $a000557835 100 $a19990604d1948----km-y0itay50------ba 101 0 $aita 105 $ay-------001yy 200 1 $a<>vita come arte$fUgo Spirito 205 $a3. ed. 210 $aFirenze$cSansoni$d1948 215 $a347 p.$d21 cm 610 0 $aArte$aFilosofia 676 $a700.1$v21$zita 700 1$aSpirito,$bUgo$0122711 801 0$aIT$bUNINA$gRICA$2UNIMARC 901 $aBK 912 $a990005578350403321 952 $a701.17 SPIU 01$bST.ARTE 3552$fFLFBC 959 $aFLFBC 996 $aVita come arte$9140319 997 $aUNINA LEADER 00683nam a2200181 i 4500 001 991004311735607536 005 20240312113422.0 008 240312s1966 it o er 001 0 ita d 040 $aBibl. Interfacoltà T. Pellegrino$bita$cSocioculturale Scs 041 0 $aita 082 04$a808.882$223 245 03$aIl Comune di Calimera ai suoi cittadini onorari$cAndriotis Nicola Di Pandeli ... [et al.] 260 $aCalimera$bLa Moderna$c1966 300 $a56 p.$bill.$c25 cm 700 1 $aDi Pandeli, Andriotis Nicola$eauthor$4http://id.loc.gov/vocabulary/relators/aut$01725832 912 $a991004311735607536 996 $aComune di Calimera ai suoi cittadini onorari$94130523 997 $aUNISALENTO